Implementácia agendy 2030 pre udržateľný rozvoj zo strany Čínskej ľudovej republiky

Plnenie Miléniových rozvojových cieľov a priblíženie krokov, ktoré Čína už v rámci Agendy 2030 podnikla. Identifikácia pomocou ukazovateľov SDG Index & Dashboard oblasti, v ktorých čakajú Čínu najväčšie výzvy, ak chcú čínske vlády splniť vytýčené ciele do roku 2030.

Salvato in:
Dettagli Bibliografici
Autore principale: Dudáš, Tomáš, 1976-
Natura: Capitolo di libro
Lingua:slovacco
Soggetti:
Tags: Aggiungi Tag
Nessun Tag, puoi essere il primo ad aggiungerne!!

MARC

LEADER 00000nla a2200000 4500
001 0241143
005 20240502073925.9
041 0 |a slo 
044 |a SK 
245 1 0 |a Implementácia agendy 2030 pre udržateľný rozvoj zo strany Čínskej ľudovej republiky  |c Tomáš Dudáš 
520 |a Plnenie Miléniových rozvojových cieľov a priblíženie krokov, ktoré Čína už v rámci Agendy 2030 podnikla. Identifikácia pomocou ukazovateľov SDG Index & Dashboard oblasti, v ktorých čakajú Čínu najväčšie výzvy, ak chcú čínske vlády splniť vytýčené ciele do roku 2030. 
610 2 0 |a politika medzinárodná 
610 2 0 |a Organizácia spojených národov 
610 2 0 |a Čína 
610 2 0 |a rozvoj hospodársky 
610 2 0 |a rozvoj trvalo udržateľný 
610 2 0 |a rast hospodársky 
610 2 0 |a projekty medzinárodné 
610 2 0 |a indexy 
610 2 0 |a indexy hodnotové 
100 1 |a Dudáš, Tomáš, 1976-